Online
Catalog

Cincuenta años de literatura venezolana (1918-1968) / (Record no. 4674)

MARC details
000 -CABECERA
campo de control de longitud fija 00702cam a2200205 a 4500
001 - NÚMERO DE CONTROL
campo de control 000004868
005 - FECHA Y HORA DE LA ÚLTIMA TRANSACCIÓN
campo de control 20200929151525.0
008 - DATOS DE LONGITUD FIJA--INFORMACIÓN GENERAL
campo de control de longitud fija 811231s1969 ve 000 0 spa d
040 ## - FUENTE DE LA CATALOGACIÓN
Centro catalogador/agencia de origen DO-SdBNP
Lengua de catalogación spa
Centro/agencia transcriptor BNPHU
082 ## - NÚMERO DE LA CLASIFICACIÓN DECIMAL DEWEY
Número de clasificación V860.9
Número de documento/Ítem M491c
100 1# - ENTRADA PRINCIPAL--NOMBRE DE PERSONA
Nombre de persona Medina, José Ramón.
Fechas asociadas al nombre 1921-
9 (RLIN) 9760
245 10 - MENCIÓN DE TÍTULO
Título Cincuenta años de literatura venezolana (1918-1968) /
Mención de responsabilidad, etc. José Ramón Medina.
260 ## - PUBLICACIÓN, DISTRIBUCIÓN, ETC.
Lugar de publicación, distribución, etc. Caracas :
Nombre del editor, distribuidor, etc. Monte Avila,
Fecha de publicación, distribución, etc. 1969.
300 ## - DESCRIPCIÓN FÍSICA
Extensión 319 p. ;
Dimensiones 20 cm.
490 1# - MENCIÓN DE SERIE
Mención de serie Prisma
500 ## - NOTA GENERAL
Nota general incluye referencias bibliográficas y notas al pie de las páginas.
650 #4 - PUNTO DE ACCESO ADICIONAL DE MATERIA--TÉRMINO DE MATERIA
Término de materia o nombre geográfico como elemento de entrada Literatura venezolana
Subdivisión cronológica SIGLO XX
Subdivisión general Historia y crítica
9 (RLIN) 14101
650 #4 - PUNTO DE ACCESO ADICIONAL DE MATERIA--TÉRMINO DE MATERIA
Término de materia o nombre geográfico como elemento de entrada Ensayos venezolanos
9 (RLIN) 4376
830 #0 - PUNTO DE ACCESO ADICIONAL DE SERIE-TÍTULO UNIFORME
Título uniforme Prisma
9 (RLIN) 3770
Holdings
Estado de retiro Estado de pérdida Restricciones de uso No para préstamo Código de colección Localización permanente Ubicación/localización actual Ubicación en estantería Fecha de adquisición Número de inventario Total de préstamos Signatura topográfica completa Código de barras Fecha visto por última vez Precio válido a partir de Tipo de ítem Koha Número de copia
      Excluido de préstamo Monografías: Libros y Folletos General General Depósito 27.07.2009 LF1   V860.9 M491c 4868-10 25.06.2020 25.06.2020 No se presta  
      Excluido de préstamo Monografías: Libros y Folletos General General Depósito 27.01.2010 LF1   V860.9 M491c 4868-20 25.06.2020 25.06.2020 No se presta e. 2
  Extraviado     Monografías: Libros y Folletos General General Extraviado 02.06.2017 LF1   V860.9 M491c 4868-30 25.06.2020 25.06.2020 Préstamo en sala e. 3

Powered by Koha